Tuyển tập Nguyễn Minh Châu

Kaydedildi:
Detaylı Bibliyografya
Yazar: Nguyễn Minh Châu
Materyal Türü: Kitap
Dil:Undetermined
Baskı/Yayın Bilgisi: Hà Nội Văn học 1994
Konular:
Etiketler: Etiketle
Etiket eklenmemiş, İlk siz ekleyin!
Thư viện lưu trữ: Trung tâm Học liệu Trường Đại học Cần Thơ
LEADER 00534nam a2200169Ia 4500
001 CTU_8394
008 210402s9999 xx 000 0 und d
082 |a 895.922333 
082 |b Ch125t 
100 |a Nguyễn Minh Châu 
245 0 |a Tuyển tập Nguyễn Minh Châu 
245 0 |c Nguyễn Minh Châu, Nguyễn Văn Lưu 
260 |a Hà Nội 
260 |b Văn học 
260 |c 1994 
650 |a vietnamese fiction - 20th century - collections 
980 |a Trung tâm Học liệu Trường Đại học Cần Thơ